Вып. 24; Диэлектрики и полупроводники

Podrobná bibliografie
Parent link:Диэлектрики и полупроводники: республиканский межведомственный научно-технический сборник/ Киевский политехнический институт (КПИ). Вып. 24.— , 1971-1992
Jazyk:ruština
Vydáno: 1983
Témata:
Médium: MixedMaterials Kniha
KOHA link:https://koha.lib.tpu.ru/cgi-bin/koha/opac-detail.pl?biblionumber=293027

MARC

LEADER 00000nam2a2200000 4500
001 293027
005 20231102000544.0
020 |a RU  |b 83-62223ж 
035 |a (RuTPU)RU\TPU\book\317857 
090 |a 293027 
100 |a 20150428c1983 k y0rusy5003 ca 
101 0 |a rus 
102 |a UA 
105 |a a z 001zy 
200 0 |a Вып. 24 
210 |d 1983 
215 |a 99 с.  |c ил. 
320 |a Библиография в конце статей 
461 1 |0 (RuTPU)RU\TPU\book\131205  |t Диэлектрики и полупроводники  |o республиканский межведомственный научно-технический сборник  |f Киевский политехнический институт (КПИ)  |v Вып. 24  |d 1971-1992 
606 |a Диэлектрики  |2 stltpush  |3 (RuTPU)RU\TPU\subj\9759  |9 36934 
606 |a Полупроводники  |2 stltpush  |3 (RuTPU)RU\TPU\subj\50553  |9 69206 
610 1 |a ян-теллеровские центры 
610 1 |a дипольные центры 
610 1 |a неметаллические кристаллы 
610 1 |a йодат лития 
610 1 |a монокристаллы 
610 1 |a диэлектрические свойства 
610 1 |a тепловыделение 
610 1 |a расчет 
610 1 |a ИК-спектроскопия 
610 1 |a двуокись кремния 
610 1 |a полупроводниковые соединения 
610 1 |a термическое расширение 
610 1 |a диоды Шоттки 
610 1 |a качество 
610 1 |a фототоки 
610 1 |a тензорезисторы 
675 |a 621.315.61  |v 3 
675 |a 537.311.322  |v 3 
801 0 |a RU  |b RuMRKP  |c 19950704  |g psbo 
801 1 |a RU  |b 63413507  |c 20150428 
801 2 |a RU  |b 63413507  |c 20180417  |g RCR 
942 |c BK